[Event "13th Karpov GM"]
[Site "Poikovsky RUS"]
[Date "2012.09.28"]
[Round "1"]
[White "Jakovenko, D."]
[Black "Bologan, V."]
[Result "1-0"]
[WhiteElo "2724"]
[BlackElo "2712"]
[PlyCount "91"]
[EventDate "2012.09.27"]
[SourceDate "1999.07.01"]

1. d4 Nf6 2. Nf3 e6 3. c4 b6 4. g3 Ba6 5. b3 Bb4+ 6. Bd2 c5 7. Bxb4 cxb4 8. Bg2
Bb7 9. Qd3 O-O 10. Nbd2 a5 11. O-O d6 12. e4 e5 13. Ne1 Nc6 14. Nc2 Nd7 15. d5
Ne7 16. a3 Nc5 17. Qe2 bxa3 18. Rxa3 f5 19. Rfa1 Qc7 20. b4 axb4 21. Rxa8 Bxa8
22. Nxb4 Bb7 23. Rb1 h6 24. Nd3 Nxe4 25. Nxe4 fxe4 26. Qxe4 Bc8 27. g4 Bd7 28.
h3 h5 29. Re1 hxg4 30. hxg4 Qa7 31. Re3 Be8 32. Rf3 Rxf3 33. Qxf3 Qa4 34. Bf1
Bg6 35. Ne1 Qb4 36. Ng2 b5 37. cxb5 Be4 38. Qe2 Bxd5 39. Ne3 Qc5 40. b6 Bb7 41.
Qc4+ Kf8 42. Qxc5 dxc5 43. Nc4 Bd5 44. Na5 Nc6 45. Nxc6 Bxc6 46. Ba6 1-0

[Event "Baku Open 2012"]
[Site "Baku AZE"]
[Date "2012.09.29"]
[Round "8.3"]
[White "Korobov, A."]
[Black "Durarbayli, V."]
[Result "0-1"]
[WhiteElo "2705"]
[BlackElo "2584"]
[PlyCount "126"]
[EventDate "2012.09.22"]
[SourceDate "1999.07.01"]

1. d4 Nf6 2. c4 e6 3. Nf3 b6 4. a3 Ba6 5. Qc2 Bb7 6. Nc3 c5 7. e4 cxd4 8. Nxd4
d6 9. Be2 Be7 10. O-O a6 11. Rd1 Qc7 12. Be3 O-O 13. Rac1 Nbd7 14. f3 Rac8 15.
Bf1 Rfe8 16. Qf2 Qb8 17. b4 Bd8 18. Nb3 Bc7 19. Kh1 d5 20. cxd5 exd5 21. Nxd5
Bxh2 22. Rxc8 Bxc8 23. g4 Nxd5 24. Rxd5 Nf6 25. Rd3 Bf4 26. Bxf4 Qxf4 27. Qd2
Qg3 28. Qh2 Qe1 29. Kg1 h5 30. gxh5 a5 31. Qf2 Qb1 32. Nd2 Qa1 33. Qxb6 Qe5 34.
Rd8 Qg5+ 35. Bg2 Bh3 36. Rxe8+ Nxe8 37. Qf2 Bxg2 38. Qxg2 Qe3+ 39. Qf2 Qxa3 40.
b5 Qb4 41. b6 a4 42. Nc4 Nf6 43. e5 Nxh5 44. Qb2 Qe1+ 45. Kh2 a3 46. Nxa3 Qg3+
47. Kh1 Qxf3+ 48. Kg1 Ng3 49. Qg2 Qxa3 50. b7 Qa7+ 51. Kh2 Nf5 52. Qc6 Qf2+ 53.
Qg2 Qb6 54. Qc2 Qxb7 55. Qxf5 Qc6 56. Kg3 Kf8 57. Qg5 Qd5 58. Qe3 Ke8 59. Kf4
Qc4+ 60. Kg5 Ke7 61. Qa3+ Ke8 62. Qe3 Qb4 63. Kf5 Qh4 0-1

[Event "3rd Konig Memorial"]
[Site "San Francisco USA"]
[Date "2012.09.23"]
[Round "6"]
[White "Bhat, V."]
[Black "Kraai, J."]
[Result "0-1"]
[WhiteElo "2511"]
[BlackElo "2514"]
[PlyCount "124"]
[EventDate "2012.09.22"]
[EventType "tourn (rapid)"]
[SourceDate "1999.07.01"]

1. d4 Nf6 2. c4 e6 3. Nf3 b6 4. g3 Ba6 5. Qc2 c5 6. d5 exd5 7. cxd5 g6 8. Bg2
Bg7 9. O-O O-O 10. Nc3 d6 11. a4 Nbd7 12. Nd2 Re8 13. Re1 Ne5 14. Nb5 Bxb5 15.
axb5 a6 16. f4 Neg4 17. Nc4 axb5 18. Rxa8 Qxa8 19. Nxd6 Rd8 20. Nxf7 Kxf7 21.
h3 Nh6 22. e4 Nxd5 23. exd5 Nf5 24. d6 Qa4 25. Qe2 Qd4+ 26. Kh2 Qxd6 27. Qxb5
Nd4 28. Qc4+ Kf8 29. f5 Nxf5 30. Bf4 Qd7 31. Qb3 b5 32. Rf1 c4 33. Qb4+ Kg8 34.
Ra1 Bf8 35. Qe1 Qe7 36. Qf2 Qc5 37. Qe2 Qe7 38. Qf2 Qc5 39. Qe2 Nd4 40. Qe4 Qf5
41. Qb7 Qd7 42. Qb6 Ne6 43. Ra7 Qe8 44. Qb7 Ng7 45. Bg5 Rb8 46. Qd5+ Kh8 47.
Bf6 Rb6 48. Bxg7+ Bxg7 49. Rd7 Rb8 50. Qd6 Be5 51. Qc6 Qf8 52. Qd5 Qf6 53. Rf7
Qd6 54. Qf3 Bxb2 55. h4 Be5 56. Qe3 Bg7 57. Qa7 Rg8 58. Rd7 Qe5 59. Bd5 Rf8 60.
Bg2 c3 61. Rc7 b4 62. Qb7 b3 0-1

[Event "TCh-SRB Prem 2012"]
[Site "Valjevo SRB"]
[Date "2012.09.27"]
[Round "11.1"]
[White "Rodshtein, M."]
[Black "Efimenko, Z."]
[Result "1/2-1/2"]
[WhiteElo "2634"]
[BlackElo "2689"]
[PlyCount "25"]
[EventDate "2012.09.17"]
[SourceDate "1999.07.01"]
[WhiteTeam "VSK Sv. Nikolaj Srpski Valjevo"]
[BlackTeam "SK Radnicki Kragujevac"]

1. d4 Nf6 2. c4 e6 3. Nf3 b6 4. g3 Ba6 5. b3 Bb4+ 6. Bd2 Be7 7. Bg2 c6 8. Bc3
d5 9. Ne5 Nfd7 10. Nxd7 Nxd7 11. Nd2 O-O 12. O-O Rc8 13. Rc1 1/2-1/2

[Event "DYTM KL Open 2012"]
[Site "Kuala Lumpur MAS"]
[Date "2012.09.22"]
[Round "8.1"]
[White "Barbosa, O PHI."]
[Black "Tiviakov, S."]
[Result "1/2-1/2"]
[WhiteElo "2554"]
[BlackElo "2674"]
[PlyCount "41"]
[EventDate "2012.09.18"]
[SourceDate "1999.07.01"]

1. d4 Nf6 2. c4 e6 3. Nf3 b6 4. g3 Bb7 5. Bg2 Be7 6. O-O O-O 7. Re1 Na6 8. Bf4
c5 9. d5 exd5 10. Nh4 Nh5 11. Nf5 Nxf4 12. gxf4 Bf6 13. Qd2 d6 14. cxd5 Bc8 15.
Ng3 b5 16. Nc3 Bxc3 17. bxc3 f5 18. Rab1 Rb8 19. c4 bxc4 20. Rxb8 Nxb8 21. Qc2
1/2-1/2

[Event "TCh-SRB Prem 2012"]
[Site "Valjevo SRB"]
[Date "2012.09.18"]
[Round "2.2"]
[White "Sargissian, G."]
[Black "Efimenko, Z."]
[Result "1/2-1/2"]
[WhiteElo "2693"]
[BlackElo "2689"]
[PlyCount "121"]
[EventDate "2012.09.17"]
[SourceDate "1999.07.01"]
[WhiteTeam "SK Vodovod Kragujevac"]
[BlackTeam "SK Radnicki Kragujevac"]

1. d4 Nf6 2. c4 e6 3. Nf3 b6 4. g3 Bb4+ 5. Bd2 Bxd2+ 6. Qxd2 Ba6 7. b3 d5 8.
cxd5 Ne4 9. Qb4 exd5 10. Qa4+ Qd7 11. Qxd7+ Nxd7 12. Nbd2 Ke7 13. Bh3 c5 14.
dxc5 Ndxc5 15. Nxe4 dxe4 16. Nd4 Bc8 17. Bg2 a5 18. f3 g6 19. Nc6+ Ke8 20. Ne5
Bb7 21. O-O-O Ke7 22. Nc4 b5 23. Nd6 exf3 24. Bxf3 Bxf3 25. exf3 b4 26. Rhe1+
Ne6 27. Nc4 Ra6 28. Kb2 Rha8 29. Kb1 R8a7 30. Nb2 Rc7 31. f4 Kf6 32. Nc4 a4 33.
Ne3 Rb7 34. Rd5 axb3 35. axb3 Rba7 36. Nc2 Rb7 37. Kb2 Rc6 38. Re3 h5 39. Re4
Rc3 40. Nxb4 Rf3 41. Nd3 h4 42. gxh4 Rh3 43. Re2 Rxh4 44. Rf2 Kg7 45. Nc5 Rxf4
46. Nxe6+ fxe6 47. Rxf4 exd5 48. h4 Kh6 49. Rg4 Kh5 50. Rg5+ Kh6 51. Rg4 Kh5
52. Ra4 Rf7 53. Rd4 Rd7 54. Rf4 d4 55. b4 d3 56. Kc1 d2+ 57. Kd1 Rd5 58. Rc4 g5
59. hxg5 Kxg5 60. Rc2 Kf6 61. Rxd2 1/2-1/2

[Event "3rd Livigno Open A"]
[Site "Livigno ITA"]
[Date "2012.09.14"]
[Round "6.1"]
[White "Jovanic, O."]
[Black "David, Alb"]
[Result "1/2-1/2"]
[WhiteElo "2511"]
[BlackElo "2599"]
[PlyCount "69"]
[EventDate "2012.09.10"]
[SourceDate "1999.07.01"]

1. d4 Nf6 2. c4 e6 3. Nf3 b6 4. a3 Bb7 5. Nc3 d5 6. cxd5 Nxd5 7. Qc2 Be7 8. e4
Nxc3 9. bxc3 O-O 10. Bd3 c5 11. O-O Qc7 12. Qe2 Nd7 13. a4 Rac8 14. Bd2 Rfe8
15. Bb5 Red8 16. a5 Nf6 17. axb6 axb6 18. Bd3 h6 19. g3 Ra8 20. Bf4 Qc8 21.
Rfb1 b5 22. Be5 Rxa1 23. Rxa1 c4 24. Bc2 Qc6 25. Re1 Qa6 26. Rb1 Nd7 27. Bf4
Bf8 28. h4 Bc6 29. Nh2 Qa3 30. Bd2 Qa2 31. Qd1 Nf6 32. Ra1 Qb2 33. Rb1 Qa2 34.
Ra1 Qb2 35. Rb1 1/2-1/2

[Event "40th Olympiad Open"]
[Site "Istanbul TUR"]
[Date "2012.09.03"]
[Round "6.11"]
[White "Sebenik, M."]
[Black "Iordachescu, V."]
[Result "0-1"]
[WhiteElo "2552"]
[BlackElo "2645"]
[PlyCount "68"]
[EventDate "2012.08.28"]
[SourceDate "1999.07.01"]
[WhiteTeam "Slovenia"]
[BlackTeam "Moldova"]
[WhiteTeamCountry "ZAR"]
[BlackTeamCountry "SUI"]

1. d4 Nf6 2. c4 e6 3. Nf3 b6 4. g3 Ba6 5. Nbd2 Bb4 6. Qa4 c5 7. a3 Bxd2+ 8.
Bxd2 O-O 9. Bg2 Bb7 10. dxc5 bxc5 11. Be3 d6 12. O-O a5 13. Qb3 Qc7 14. Rfd1
Ra6 15. Bf4 a4 16. Qc2 Nbd7 17. Ne1 Bxg2 18. Nxg2 Rb8 19. Rd3 Nh5 20. Rad1 Nxf4
21. gxf4 Nf6 22. Ne3 g6 23. f3 Qe7 24. R1d2 Ne8 25. Nd1 Qh4 26. e3 Ng7 27. Nc3
Nf5 28. Qd1 d5 29. Re2 d4 30. exd4 Nxd4 31. Rg2 Qxf4 32. Ne4 Rab6 33. Rg4 Qe5
34. Rg5 f5 0-1

[Event "40th Olympiad Open"]
[Site "Istanbul TUR"]
[Date "2012.09.04"]
[Round "7.5"]
[White "Khenkin, I."]
[Black "Iordachescu, V."]
[Result "1-0"]
[WhiteElo "2656"]
[BlackElo "2645"]
[PlyCount "91"]
[EventDate "2012.08.28"]
[SourceDate "1999.07.01"]
[WhiteTeam "Germany"]
[BlackTeam "Moldova"]
[WhiteTeamCountry "KAZ"]
[BlackTeamCountry "SUI"]

1. d4 Nf6 2. c4 e6 3. Nf3 b6 4. g3 Ba6 5. Qa4 Be7 6. Bg2 O-O 7. Ne5 c6 8. Nc3
Qe8 9. O-O d5 10. cxd5 cxd5 11. Qxe8 Rxe8 12. Bf4 Nbd7 13. Nxd7 Nxd7 14. Rfc1
Rac8 15. a4 Bf6 16. e3 g5 17. Bd6 Be7 18. Bxe7 Rxe7 19. Bf1 Nb8 20. Nb5 Rxc1
21. Rxc1 Rd7 22. f4 gxf4 23. exf4 Kg7 24. g4 h6 25. Kf2 f6 26. Bg2 Kf7 27. h4
Ke7 28. Kg3 Kd8 29. Bf3 Rg7 30. Kf2 Bxb5 31. axb5 Nd7 32. Rc6 Re7 33. f5 e5 34.
Bxd5 exd4 35. Be6 Rg7 36. Bxd7 Kxd7 37. Kf3 Re7 38. Rxf6 Re5 39. Re6 Rxb5 40.
Rxh6 Rxb2 41. Ke4 a5 42. g5 a4 43. g6 a3 44. Rh7+ Kd6 45. Ra7 a2 46. f6 1-0

[Event "40th Olympiad Open"]
[Site "Istanbul TUR"]
[Date "2012.09.05"]
[Round "8.17"]
[White "Vescovi, G."]
[Black "Petrik, T."]
[Result "1-0"]
[WhiteElo "2617"]
[BlackElo "2529"]
[PlyCount "131"]
[EventDate "2012.08.28"]
[SourceDate "1999.07.01"]
[WhiteTeam "Brazil"]
[BlackTeam "Slovakia"]
[WhiteTeamCountry "BUR"]
[BlackTeamCountry "GE2"]

1. d4 e6 2. c4 Nf6 3. Nf3 b6 4. g3 Ba6 5. b3 Bb7 6. Bg2 Bb4+ 7. Bd2 a5 8. O-O
O-O 9. Nc3 d6 10. Qc2 Nbd7 11. Rfe1 Bxc3 12. Bxc3 Be4 13. Qd2 c6 14. Qf4 d5 15.
Ne5 Bxg2 16. Nxc6 Qe8 17. Kxg2 Kh8 18. Rac1 Qc8 19. Ne5 Qb7 20. Qf3 Kg8 21. Bb2
Rfc8 22. Nd3 Ne4 23. cxd5 exd5 24. Qf4 h6 25. Rxc8+ Rxc8 26. Rc1 Ndf6 27. Ne5
Qa6 28. Nd3 Qb7 29. f3 Ng5 30. Nf2 Ne6 31. Qd2 g5 32. Ba3 Kg7 33. Bd6 Ne8 34.
Ba3 Nf6 35. Rxc8 Qxc8 36. h3 h5 37. Be7 Nh7 38. h4 f6 39. hxg5 Nhxg5 40. Bd6
Qe8 41. Bf4 Nxf4+ 42. gxf4 Nf7 43. f5 Kh7 44. Kf1 Qc8 45. Qf4 Qd7 46. Nh1 Ng5
47. Ng3 Qf7 48. Qh4 Kh6 49. a4 Qe8 50. Kf2 Qf7 51. Nf1 Kh7 52. Ng3 Kh6 53. Nf1
Kh7 54. Ne3 Kg7 55. Qg3 Kh6 56. Qd6 h4 57. Nxd5 Nh7 58. Qf4+ Kg7 59. Qc7 Ng5
60. Qxf7+ Nxf7 61. Kg2 Nd6 62. e4 b5 63. Kh3 bxa4 64. bxa4 Nc4 65. Kxh4 Nd2 66.
Kg4 1-0

[Event "40th Olympiad Open"]
[Site "Istanbul TUR"]
[Date "2012.09.06"]
[Round "9.13"]
[White "Leitao, R."]
[Black "Zhigalko, S."]
[Result "1/2-1/2"]
[WhiteElo "2623"]
[BlackElo "2667"]
[PlyCount "62"]
[EventDate "2012.08.28"]
[SourceDate "1999.07.01"]
[WhiteTeam "Brazil"]
[BlackTeam "Belarus"]
[WhiteTeamCountry "BUR"]
[BlackTeamCountry "BLZ"]

1. d4 Nf6 2. c4 e6 3. Nf3 b6 4. g3 Ba6 5. Qa4 Bb7 6. Bg2 c5 7. dxc5 Bxc5 8. O-O
O-O 9. Nc3 Ne4 10. Qc2 Nxc3 11. Qxc3 Be4 12. Bg5 f6 13. Be3 Qe7 14. Bxc5 bxc5
15. Qe3 f5 16. Rfd1 Nc6 17. Rd2 Rab8 18. Rad1 d5 19. cxd5 exd5 20. Rc1 Rb5 21.
a4 Ra5 22. Ng5 Bxg2 23. Qxe7 Nxe7 24. Kxg2 Rb8 25. Rc3 h6 26. Re3 Nc6 27. Nf3
d4 28. Re6 Rb6 29. b3 Raa6 30. e3 Na5 31. Rxb6 axb6 1/2-1/2

[Event "40th Olympiad Open"]
[Site "Istanbul TUR"]
[Date "2012.09.09"]
[Round "11.7"]
[White "Barbosa, O PHI."]
[Black "Parligras, M."]
[Result "1/2-1/2"]
[WhiteElo "2554"]
[BlackElo "2618"]
[PlyCount "78"]
[EventDate "2012.08.28"]
[SourceDate "1999.07.01"]
[WhiteTeam "Philippines"]
[BlackTeam "Romania"]
[WhiteTeamCountry "NKO"]
[BlackTeamCountry "NAU"]

1. d4 Nf6 2. c4 e6 3. Nf3 b6 4. a3 Bb7 5. Nc3 d5 6. Bg5 Be7 7. Qa4+ Qd7 8.
Qxd7+ Nbxd7 9. Nb5 Bd8 10. cxd5 Bxd5 11. Rc1 O-O 12. e3 a6 13. Nc3 Bb7 14. Be2
c5 15. O-O cxd4 16. Nxd4 Be7 17. Rfd1 Rfd8 18. Bf3 Bxf3 19. gxf3 Rdc8 20. Bxf6
Nxf6 21. Na4 Rxc1 22. Rxc1 b5 23. Nc6 bxa4 24. Nxe7+ Kf8 25. Rc7 Rd8 26. Kf1
Ne8 27. Ra7 Rd1+ 28. Ke2 Rc1 29. Kd2 Rc5 30. e4 Nd6 31. Kd3 Ke8 32. f4 Nb5 33.
Rb7 Nd6 34. Ra7 Nb5 35. Rb7 Kd8 36. f5 Nd6 37. Ra7 Nb5 38. Rb7 Nd6 39. Ra7 Nb5
1/2-1/2

[Event "40th Olympiad Open"]
[Site "Istanbul TUR"]
[Date "2012.09.09"]
[Round "11.13"]
[White "Brunello, S."]
[Black "Banikas, H."]
[Result "1/2-1/2"]
[WhiteElo "2586"]
[BlackElo "2623"]
[PlyCount "60"]
[EventDate "2012.08.28"]
[SourceDate "1999.07.01"]
[WhiteTeam "Italy"]
[BlackTeam "Greece"]
[WhiteTeamCountry "MYA"]
[BlackTeamCountry "KGZ"]

1. d4 Nf6 2. c4 e6 3. Nf3 b6 4. a3 Ba6 5. Qc2 Bb7 6. Nc3 c5 7. e4 cxd4 8. Nxd4
Bc5 9. Nb3 Nc6 10. Bg5 Nd4 11. Nxd4 Bxd4 12. Nb5 Be5 13. f4 Bb8 14. e5 h6 15.
Bxf6 gxf6 16. Nd6+ Bxd6 17. exd6 f5 18. Qc3 O-O 19. Rg1 Qh4+ 20. Qg3+ Qxg3+ 21.
hxg3 Kh7 22. Rh1 e5 23. fxe5 Rae8 24. Kf2 Rxe5 25. Rd1 Be4 26. Rd2 Rg8 27. Be2
f4 28. g4 f5 29. Rh4 Rg6 30. b4 Kg7 1/2-1/2

[Event "40th Olympiad Open"]
[Site "Istanbul TUR"]
[Date "2012.08.29"]
[Round "2.12"]
[White "Esen, B."]
[Black "Babula, V."]
[Result "1/2-1/2"]
[WhiteElo "2587"]
[BlackElo "2595"]
[PlyCount "65"]
[EventDate "2012.08.28"]
[SourceDate "1999.07.01"]
[WhiteTeam "Turkey"]
[BlackTeam "Czech Republic"]
[WhiteTeamCountry "GAB"]
[BlackTeamCountry "GER"]

1. d4 Nf6 2. Nf3 e6 3. c4 b6 4. a3 Bb7 5. Nc3 d5 6. Qc2 Be7 7. cxd5 exd5 8. Bf4
O-O 9. e3 c5 10. Be2 Nbd7 11. Rd1 Rc8 12. Qb1 c4 13. O-O a6 14. a4 Nh5 15. Be5
Nhf6 16. Bg3 Bb4 17. Na2 Be7 18. Nc3 Bb4 19. Na2 Be7 20. b3 Ne4 21. bxc4 dxc4
22. Rc1 Bd5 23. Nc3 Nxc3 24. Rxc3 Nf6 25. Nd2 b5 26. axb5 Qa5 27. Rc2 axb5 28.
Ra2 Qb6 29. e4 Bb7 30. Bxc4 Qxd4 31. Bxb5 Nxe4 32. Nxe4 Bxe4 33. Qd1 1/2-1/2

[Event "87th ch-FRA 2012"]
[Site "Pau FRA"]
[Date "2012.08.21"]
[Round "8"]
[White "Hamdouchi, H."]
[Black "Maze, S."]
[Result "1/2-1/2"]
[WhiteElo "2627"]
[BlackElo "2573"]
[PlyCount "104"]
[EventDate "2012.08.13"]
[SourceDate "1999.07.01"]

1. d4 Nf6 2. c4 e6 3. Nf3 b6 4. e3 Bb7 5. Bd3 d5 6. O-O Nbd7 7. Nc3 dxc4 8.
Bxc4 a6 9. Qe2 b5 10. Bb3 c5 11. Rd1 Qb6 12. e4 cxd4 13. Nxd4 Bc5 14. Be3 O-O
15. Bc2 Ne5 16. a3 Rfd8 17. Nf3 Bxe3 18. Nxe5 Bd4 19. Nf3 Bxc3 20. bxc3 Qc5 21.
Rdc1 g6 22. Bd3 Rac8 23. Ne1 Qe5 24. a4 Rxc3 25. axb5 Rxc1 26. Rxc1 axb5 27. f3
b4 28. Qf2 Qa5 29. Rb1 Nd7 30. Qd2 Qc5+ 31. Kf1 b3 32. Rxb3 Qc7 33. Qc3 Qxc3
34. Rxc3 Rc8 35. Rxc8+ Bxc8 36. Bb5 e5 37. Nd3 f6 38. Kf2 Kf7 39. Ke3 Ke7 40.
g3 Nb6 41. f4 Bd7 42. Ba6 Kd6 43. Nb2 g5 44. Nc4+ Nxc4+ 45. Bxc4 h6 46. fxg5
fxg5 47. h4 gxh4 48. gxh4 Ke7 49. Be2 Bc8 50. Bf3 Bd7 51. Be2 Bc8 52. Bf3 Bd7
1/2-1/2

[Event "2nd Isthmia Open A"]
[Site "Korinthia GRE"]
[Date "2012.08.25"]
[Round "9.2"]
[White "Adhiban, Baskaran"]
[Black "Fedorchuk, S."]
[Result "1/2-1/2"]
[WhiteElo "2553"]
[BlackElo "2639"]
[PlyCount "132"]
[EventDate "2012.08.18"]
[SourceDate "1999.07.01"]

1. d4 Nf6 2. c4 e6 3. Nf3 b6 4. g3 Bb4+ 5. Bd2 a5 6. Bg2 Bb7 7. O-O O-O 8. Bf4
Be7 9. d5 exd5 10. Nd4 Bc6 11. Qc2 Bc5 12. Nxc6 dxc6 13. Nc3 Bd6 14. Bxd6 Qxd6
15. Rfd1 Qc5 16. cxd5 cxd5 17. Bxd5 Nxd5 18. Rxd5 Qc4 19. Rad1 Na6 20. R5d4 Qc6
21. a3 Qg6 22. Qa4 Nc5 23. Qc4 a4 24. Nd5 Qd6 25. Rf4 Rad8 26. Qc3 Kh8 27. Rg4
f6 28. Rgd4 Qe5 29. Qc4 Nb3 30. Re4 b5 31. Rxe5 bxc4 32. Re7 c5 33. Nc3 h6 34.
Rxd8 Rxd8 35. Nxa4 Rd2 36. e3 Nc1 37. Rc7 Nd3 38. Nxc5 Nxf2 39. Ne6 Nh3+ 40.
Kf1 Rxb2 41. Rxc4 g5 42. Rc8+ Kh7 43. Rc7+ Kg6 44. g4 f5 45. gxf5+ Kxf5 46.
Nd4+ Kg4 47. Nc2 Rb1+ 48. Ne1 Ra1 49. a4 Rxa4 50. Kg2 Ra1 51. Rc4+ Kh5 52. Nf3
g4 53. Rc5+ Ng5 54. Nxg5 hxg5 55. Rc6 Re1 56. Re6 Re2+ 57. Kg3 Re1 58. Re7 Re2
59. Re8 Kg6 60. e4 Kf7 61. Re5 Kf6 62. Rf5+ Kg6 63. Re5 Kf6 64. Re8 Kf7 65. Re5
Kf6 66. Re8 Kf7 1/2-1/2

[Event "III Sarkany-Aranytiz GM"]
[Site "Budapest HUN"]
[Date "2012.08.21"]
[Round "4.3"]
[White "Gonda, L."]
[Black "Medvegy, Z."]
[Result "1/2-1/2"]
[WhiteElo "2547"]
[BlackElo "2555"]
[PlyCount "71"]
[EventDate "2012.08.18"]
[SourceDate "1999.07.01"]

1. d4 Nf6 2. c4 e6 3. Nf3 b6 4. g3 Bb7 5. Bg2 Be7 6. O-O O-O 7. Nc3 Ne4 8. Bd2
f5 9. Ne5 Nxc3 10. Bxc3 Bxg2 11. Kxg2 d6 12. Nd3 d5 13. Qa4 Qe8 14. Qxe8 Rxe8
15. cxd5 exd5 16. Rac1 Nd7 17. Rc2 Bd6 18. Bb4 c5 19. Ba3 Re6 20. dxc5 bxc5 21.
Rd1 c4 22. Nb4 Bxb4 23. Bxb4 Nb6 24. Bc5 Rd8 25. Rdd2 Rc6 26. Bd4 Rdd6 27. Rc3
g6 28. Ra3 Rd7 29. Rc2 Kf7 30. Rcc3 Nc8 31. Ra5 Rcc7 32. Rca3 Rb7 33. Re3 Rd6
34. Rea3 Rdd7 35. Re3 Rd6 36. Rea3 1/2-1/2

[Event "III Sarkany-Aranytiz GM"]
[Site "Budapest HUN"]
[Date "2012.08.25"]
[Round "8.5"]
[White "Fodor, T jr"]
[Black "Medvegy, Z."]
[Result "0-1"]
[WhiteElo "2503"]
[BlackElo "2555"]
[PlyCount "110"]
[EventDate "2012.08.18"]
[SourceDate "1999.07.01"]

1. d4 Nf6 2. c4 e6 3. Nf3 b6 4. g3 Bb7 5. Bg2 Be7 6. Nc3 Na6 7. O-O O-O 8. d5
Bb4 9. Ne1 Bxc3 10. bxc3 Rb8 11. e4 d6 12. Nd3 Re8 13. Re1 Nd7 14. Be3 Nac5 15.
Bxc5 bxc5 16. e5 exd5 17. exd6 Rxe1+ 18. Nxe1 Nb6 19. dxc7 Qxc7 20. cxd5 Rd8
21. Qh5 Bxd5 22. Rd1 Bxa2 23. Rxd8+ Qxd8 24. Qxc5 Be6 25. h3 Qd1 26. Qe5 Nd7
27. Qe4 Qc1 28. Qe3 Qxe3 29. fxe3 Nb6 30. Kf2 Na4 31. Ke2 Nxc3+ 32. Kd3 Nb5 33.
Nc2 Kf8 34. h4 Ke7 35. Bc6 Nc7 36. Be4 h6 37. Nd4 Kd6 38. Bf5 a5 39. g4 g6 40.
Bxe6 Nxe6 41. Nf3 Nc5+ 42. Kc4 Nd7 43. g5 h5 44. Kb5 Kd5 45. Nd2 f6 46. gxf6
Nxf6 47. Kxa5 Ng4 48. e4+ Kd4 49. Kb5 Ke3 50. Nc4+ Kxe4 51. Nd6+ Kd5 52. Nf7
Ne5 53. Ng5 Nc4 54. Nh7 Nd6+ 55. Kb4 Nf5 0-1

[Event "2nd Split Open 2012"]
[Site "Split CRO"]
[Date "2012.08.17"]
[Round "7.2"]
[White "Jovanic, O."]
[Black "Kurajica, B."]
[Result "0-1"]
[WhiteElo "2508"]
[BlackElo "2551"]
[PlyCount "78"]
[EventDate "2012.08.11"]
[SourceDate "1999.07.01"]

1. d4 Nf6 2. c4 e6 3. Nf3 b6 4. a3 Ne4 5. g3 Bb7 6. Bg2 g6 7. O-O Bg7 8. Ng5
Nd6 9. Bxb7 Nxb7 10. Nc3 O-O 11. Nf3 Nc6 12. Bg5 f6 13. Be3 f5 14. Rc1 Nd6 15.
b3 Qe7 16. Qc2 Nf7 17. b4 g5 18. Nb5 g4 19. Ne1 a6 20. Nxc7 Ra7 21. d5 Rxc7 22.
Bxb6 exd5 23. Bxc7 Nd4 24. Qd1 Nxe2+ 25. Kg2 Nxc1 26. Qxc1 d6 27. Bb6 dxc4 28.
Be3 Qe4+ 29. f3 gxf3+ 30. Nxf3 Re8 31. Bf4 Ne5 32. Bxe5 Rxe5 33. Re1 Qc6 34.
Rxe5 dxe5 35. Qg5 c3 36. Kf2 c2 37. Nxe5 Qd5 38. Nf3 h6 39. Qe3 Bb2 0-1

[Event "65th ch-RUS"]
[Site "Moscow RUS"]
[Date "2012.08.07"]
[Round "5"]
[White "Sjugirov, S."]
[Black "Alekseev, Evgeny"]
[Result "0-1"]
[WhiteElo "2635"]
[BlackElo "2673"]
[PlyCount "100"]
[EventDate "2012.08.03"]
[SourceDate "1999.07.01"]

1. d4 Nf6 2. c4 e6 3. Nf3 b6 4. g3 Bb7 5. Bg2 Be7 6. Nc3 Ne4 7. Bd2 Bf6 8. O-O
O-O 9. Rc1 c5 10. d5 exd5 11. cxd5 Nxd2 12. Nxd2 d6 13. Nde4 Be5 14. Qd2 Ba6
15. Rfe1 g6 16. g4 Qe7 17. f4 Bg7 18. g5 Nd7 19. a4 Rae8 20. e3 Rd8 21. h4 Rfe8
22. b3 Nf8 23. Ng3 Bc8 24. Bf3 h6 25. Nce4 Nh7 26. Qd3 f5 27. Nd2 hxg5 28. hxg5
Nxg5 29. fxg5 Qxg5 30. Ndf1 Kf7 31. Rc2 Rh8 32. Rg2 Be5 33. Qd2 Qf6 34. Ree2
Rh3 35. Bg4 Rh4 36. Bf3 Rh3 37. Bg4 fxg4 38. Ref2 Bf5 39. e4 Qh4 40. exf5 g5
41. Qd3 Rh8 42. Re2 Bd4+ 43. Re3 Re8 44. Kf2 Rh1 45. Ke2 Qh3 46. Kf2 Rxf1+ 47.
Kxf1 Bxe3 48. f6 Qh6 49. Re2 Qxf6+ 50. Qf5 Re5 0-1

[Event "62nd ch-RUS w"]
[Site "Moscow RUS"]
[Date "2012.08.11"]
[Round "8"]
[White "Gunina, V."]
[Black "Kosintseva, T."]
[Result "1-0"]
[WhiteElo "2507"]
[BlackElo "2530"]
[PlyCount "77"]
[EventDate "2012.08.03"]
[SourceDate "1999.07.01"]

1. d4 Nf6 2. c4 e6 3. Nf3 b6 4. g3 Ba6 5. b3 Bb7 6. Bg2 Bb4+ 7. Bd2 c5 8. Bxb4
cxb4 9. O-O O-O 10. Qd3 d6 11. Nbd2 Qc7 12. e4 e5 13. Rfe1 Re8 14. Nf1 Nbd7 15.
Nh4 a5 16. Ne3 Rad8 17. Nef5 g6 18. Nh6+ Kg7 19. Qd2 exd4 20. N4f5+ Kf8 21.
Nxd4 Nc5 22. Nhf5 Ng8 23. Nb5 Qb8 24. Nfxd6 Nxe4 25. Bxe4 Rxe4 26. Rxe4 Bxe4
27. Qf4 f5 28. c5 bxc5 29. Qe5 Rd7 30. Qxc5 Ne7 31. Qe5 Bc6 32. Qf6+ Kg8 33.
Re1 Bxb5 34. Qf7+ Kh8 35. Rxe7 Rxe7 36. Qxe7 Kg8 37. Qe6+ Kg7 38. Qe5+ Kg8 39.
Qd5+ 1-0

[Event "87th ch-FRA 2012"]
[Site "Pau FRA"]
[Date "2012.08.13"]
[Round "1"]
[White "Lagarde, Max"]
[Black "Tkachiev, V."]
[Result "0-1"]
[WhiteElo "2505"]
[BlackElo "2644"]
[PlyCount "83"]
[EventDate "2012.08.13"]
[SourceDate "1999.07.01"]

1. d4 Nf6 2. c4 e6 3. Nf3 b6 4. a3 Bb7 5. Nc3 d5 6. Qa4+ Nbd7 7. Bg5 dxc4 8.
Bxf6 gxf6 9. e4 a6 10. Qxc4 b5 11. Qe2 c5 12. Rd1 Qa5 13. g3 cxd4 14. Nxd4 b4
15. axb4 Bxb4 16. Bg2 Bxc3+ 17. bxc3 Qxc3+ 18. Rd2 O-O 19. O-O Ne5 20. f4 Ng6
21. f5 exf5 22. Nxf5 Rad8 23. Rc2 Qd3 24. Qf2 Bc8 25. Rc6 Qd2 26. Rxf6 Qxf2+
27. Rxf2 Ne5 28. Ne7+ Kg7 29. Nxc8 Ng4 30. Rxa6 Nxf2 31. Nd6 Ng4 32. Bh3 Ne5
33. Ra5 Nf3+ 34. Kf2 Rxd6 35. Kxf3 Rd2 36. Bg2 Rb8 37. Bf1 Rb3+ 38. Kg4 Rxh2
39. Bc4 Rc3 40. Rg5+ Kf8 41. Bd5 h5+ 42. Rxh5 0-1

[Event "Olomouc GM Valoz Cup"]
[Site "Olomouc CZE"]
[Date "2012.08.01"]
[Round "1.4"]
[White "Krejci, Jan2"]
[Black "Chernyshov, K."]
[Result "1/2-1/2"]
[WhiteElo "2503"]
[BlackElo "2534"]
[PlyCount "70"]
[EventDate "2012.08.01"]
[SourceDate "1999.07.01"]

1. d4 e6 2. Nf3 Nf6 3. c4 b6 4. g3 Bb7 5. Bg2 Be7 6. O-O O-O 7. Nc3 Na6 8. a3
Ne4 9. Qc2 Nxc3 10. Qxc3 f5 11. b4 Bf6 12. Bb2 Be4 13. Rfd1 c6 14. Bf1 Bxf3 15.
Qxf3 Nc7 16. a4 a6 17. e4 fxe4 18. Qxe4 b5 19. Bd3 g6 20. cxb5 axb5 21. axb5
Nxb5 22. h4 Rxa1 23. Bxa1 Qe7 24. Qg4 Qxb4 25. h5 g5 26. h6 Nc3 27. Rc1 Nd5 28.
Rb1 Qe7 29. Rb7 Qf7 30. Qe2 Rd8 31. Bb2 Be7 32. Bc1 Qf6 33. Qh5 Rf8 34. Qe2 Rd8
35. Qh5 Rf8 1/2-1/2

[Event "Miguel Najdorf Open A"]
[Site "Warsaw POL"]
[Date "2012.08.13"]
[Round "8.2"]
[White "Jakubowski, K."]
[Black "Romanishin, O."]
[Result "0-1"]
[WhiteElo "2523"]
[BlackElo "2509"]
[PlyCount "46"]
[EventDate "2012.08.06"]
[SourceDate "1999.07.01"]

1. d4 Nf6 2. c4 e6 3. Nf3 b6 4. Nc3 Bb7 5. a3 g6 6. Qc2 Bxf3 7. gxf3 Nc6 8. e3
Bg7 9. f4 O-O 10. b4 Ne7 11. e4 c5 12. e5 Nh5 13. dxc5 Nf5 14. cxb6 axb6 15.
Ne2 d6 16. Bb2 dxe5 17. fxe5 Qh4 18. Qb3 Qe4 19. Rg1 Nh4 20. Qe3 Nf3+ 21. Kd1
Rad8+ 22. Kc1 Bh6 23. Qxh6 Ne1 0-1